000 01487nam a2200289 4500
001 009154
003 AR-CdUEA
005 20220326193251.0
008 090912s2003 sp ||||||||||_||||||spa|d
020 _a844601307X
040 _aAR-CdUEA
_cvbnnmjhyrr
082 _a701
_bD194m
100 1 _aDanto, Arthur Coleman,
_d1924-
_9690
245 1 0 _aMás allá de la caja brillo :
_blas artes visuales desde la perspectiva posthistórica /
_cArthur C. Danto ; traducción de Alfredo Brotons Muñoz.
260 _aMadrid :
_bEdiciones Akal,
_c2003.
300 _a236 p. :
_bil. byn ;
_c24 cm.
490 0 _aAkal. Arte contemporáneo ;
_v12
505 0 _aLos animales como historiadores del arte : reflexiones sobre el ojo inocente -- El mundo del arte revisitado : comedias de similitud -- Las expresiones simbólicas t el yo -- Metáfora y cognición -- Arte y artefacto en Africa -- Formas de los pasados artísticos, Oriente y Occidente -- La botella de la Coca Cola expresionista y abstracta -- Arte superior, arte inferior y el espíritu de la historia -- Censura y subvención en las artes -- Arte peligroso -- El museo de los museos -- Aprendiendo a vivir con el pluralismo -- Narrativa y estilo.
650 4 _aESTETICA
_9138
650 4 _aarte
_xestetica
_xfilosofia del arte
_9691
650 4 _aFILOSOFIA DEL ARTE
_9157
650 4 _aENSAYOS CULTURALES
_9307
650 4 _aCRITICA CULTURAL
_9692
650 4 _aCULTURA
_9113
650 4 _aPLURALISMO
_9693
650 4 _aCENSURA
_9694
999 _c138
_d138